Home Print Resources E-Books E-Journals IIMT Lecture Series Library Membership Form Book Recommendation Form Campus Tour Take AdmissionAbout Us Contact Us

BUSSINESS ETHICS (Record no. 2740)

000 -LEADER
fixed length control field 00350nam a2200157Ia 4500
003 - CONTROL NUMBER IDENTIFIER
control field OSt
005 - DATE AND TIME OF LATEST TRANSACTION
control field 20240103160419.0
008 - FIXED-LENGTH DATA ELEMENTS--GENERAL INFORMATION
fixed length control field 170524s9999 xx 000 0 und d
020 ## - INTERNATIONAL STANDARD BOOK NUMBER
International Standard Book Number 9780199697595
040 ## - CATALOGING SOURCE
Transcribing agency iimt university meerut
100 ## - MAIN ENTRY--PERSONAL NAME
Personal name CRANE ANDREW
100 ## - MAIN ENTRY--PERSONAL NAME
Titles and words associated with a name 2010
245 #0 - TITLE STATEMENT
Title BUSSINESS ETHICS
260 ## - PUBLICATION, DISTRIBUTION, ETC.
Place of publication, distribution, etc. OXFORD
942 ## - ADDED ENTRY ELEMENTS (KOHA)
Source of classification or shelving scheme
Koha item type Book Bank
Holdings
Withdrawn status Lost status Source of classification or shelving scheme Damaged status Not for loan Home library Current library Date acquired Coded location qualifier Barcode Date last seen Uniform Resource Identifier Price effective from Koha item type Public note Total Checkouts Date last checked out
          IIMT University Central Library Meerut IIMT University Central Library Meerut 05/30/2017 Dept. MBA 01-B-20959 05/30/2017 management 05/30/2017 Book Bank    
          IIMT University Central Library Meerut IIMT University Central Library Meerut 05/30/2017   01-B-20960 05/30/2017 management 05/30/2017 Book Bank      
          IIMT University Central Library Meerut IIMT University Central Library Meerut 05/30/2017   01-B-20961 06/04/2022 management 05/30/2017 Book Bank   1 05/31/2022
          IIMT University Central Library Meerut IIMT University Central Library Meerut 05/30/2017   01-B-20962 05/30/2017 management 05/30/2017 Book Bank      
          IIMT University Central Library Meerut IIMT University Central Library Meerut 05/30/2017   01-B-20963 05/30/2017 management 05/30/2017 Book Bank      
IIMT, Central Library. All Rights Reserved IIMT,UNIVERSITY © 2023
Implemented and Customised by I CLOUDE EMS
You Are OPAC Visitor No
free web counter

Powered by Koha